| 000 | 00540nam a2200169 i 4500 | ||
|---|---|---|---|
| 001 | 114744 | ||
| 003 | ES-MaACL | ||
| 005 | 20230906190236.0 | ||
| 007 | t| | ||
| 008 | 070322q19001940fr ||||1| fre d | ||
| 100 | 1 |
_aRétif de La Bretonne, Nicolas-Edme. _996363 |
|
| 245 | 1 | 3 |
_aLe village / _cpar Rétif de la Bretonne ; avec une introduction de Franz Funck-Brentano. |
| 260 |
_aParis : _bArthème Fayard, _c[19--?] |
||
| 300 |
_a141 p. ; _c24 cm. |
||
| 700 | 1 |
_aFunck-Brentano, Frantz ( _d1862-1947) _953022 |
|
| 852 |
_aES-MaACL _jC-1114 |
||
| 999 |
_c114744 _d114744 |
||